000 00432nam a22001697a 4500
005 20251108170735.0
008 250721s1972 xx 000 0 eng d
082 1 4 _aR/570.03/DAV
100 1 _aDavies, David
245 1 2 _aA Dictionary of anthroplogy /
264 1 _aLondon :
_bFrederick Muller Ltd,
_c1972.
300 _a197p. : ill
650 1 7 _aAnthropology
650 1 7 _aDictionaries
942 _2ddc
_cREF
999 _c47873
_d47873